000
003530000a22001570004500
005
20120302065337.0
942
_c
BOOK
100
_a
Shree Somadevabhatt, Mahakavi
245
_a
Kathasaritsagarah
250
_a
1st
260
_a
Delhi:Motilal Banarasidass, 1970
300
_a
8p+596p
040
_a
San
365
_b
/-
650
_a
Sanskrit Katha
999
_c
364536
_d
364533